| 000 | 00416nam a22001697a 4500 | ||
|---|---|---|---|
| 003 | CEME | ||
| 005 | 20210628210408.0 | ||
| 008 | 210216b xxu||||| |||| 00| 0 eng d | ||
| 040 | _c. | ||
| 082 | _a615.321 MUH | ||
| 100 |
_aMuhammad Ajmal Khan _979208 |
||
| 245 | _aBiyaz-e-ajmal | ||
| 260 |
_aLAHORE _bHAMDARD KUTAN KHANA _c1998 |
||
| 300 | _a280P | ||
| 650 |
_aHAKIM AJMAL-MEDICATION _979209 |
||
| 942 |
_cBK _2ddc |
||
| 999 |
_c584264 _d584264 |
||